000 00505nam a2200181Ia 4500
005 20250326125704.0
008 250326s9999 xx 000 0 und d
037 _aTextbook
040 _aFMSL
_beng
_cFMSL
041 _aeng
_2eng
084 _aX:8M L34
_qFMSL
100 _aDepartment OF Employment
_9738465
245 0 _aCompany secretary ship
_cDepartment OF Employment
260 _aLondon
_bLondon, HMSO
_c1973
300 _a30p
942 _cTB
_hX:8M L34
999 _c1279129
_d1279129